Normal view MARC view
  • AVERS DALE AND OTHERS

Entry Personal Name

Number of records used in: 1

001 - CONTROL NUMBER

  • control field: 8084

003 - CONTROL NUMBER IDENTIFIER

  • control field: JRU

005 - DATE AND TIME OF LATEST TRANSACTION

  • control field: 20230821103950.0

008 - FIXED-LENGTH DATA ELEMENTS

  • fixed length control field: 230821|| aca||aabn | a|a d

040 ## - CATALOGING SOURCE

  • Original cataloging agency: JRU
  • Transcribing agency: JRU

100 ## - HEADING--PERSONAL NAME

  • Personal name: AVERS DALE AND OTHERS

670 ## - SOURCE DATA FOUND

  • Source citation: Work cat.: (JRU)8109: AVERS DALE AND OTHERS, DANIELS AND WORTHING HAM'S MUSCLE TESTING :TECHNIQUES OF MANUAL EXAMINATION AND PERFORMANCE TESTING , 2019